<?xml version="1.0" encoding="UTF-8"?>
<record
    xmlns:xsi="http://www.w3.org/2001/XMLSchema-instance"
    xsi:schemaLocation="http://www.loc.gov/MARC21/slim http://www.loc.gov/standards/marcxml/schema/MARC21slim.xsd"
    xmlns="http://www.loc.gov/MARC21/slim">

  <leader>01305nam a22001697a 4500</leader>
  <controlfield tag="008">121116t        xxu||||| |||| 00| 0 eng d</controlfield>
  <datafield tag="020" ind1=" " ind2=" ">
    <subfield code="a">1859414249</subfield>
  </datafield>
  <datafield tag="050" ind1=" " ind2=" ">
    <subfield code="a">KD660.H19</subfield>
  </datafield>
  <datafield tag="100" ind1=" " ind2=" ">
    <subfield code="a">Hanson, Sharon.</subfield>
  </datafield>
  <datafield tag="245" ind1=" " ind2=" ">
    <subfield code="a">Legal method. /</subfield>
    <subfield code="c">Sharon Hanson</subfield>
  </datafield>
  <datafield tag="260" ind1=" " ind2=" ">
    <subfield code="a">Great Britain:</subfield>
    <subfield code="b">Cavendish Publishing Ltd.;</subfield>
    <subfield code="c">1999.</subfield>
  </datafield>
  <datafield tag="300" ind1=" " ind2=" ">
    <subfield code="a">viii, 357 p.:</subfield>
    <subfield code="b">ill.;</subfield>
    <subfield code="c">27cm</subfield>
  </datafield>
  <datafield tag="500" ind1=" " ind2=" ">
    <subfield code="a">Includes index.</subfield>
  </datafield>
  <datafield tag="505" ind1=" " ind2=" ">
    <subfield code="a">Contents: Introduction: How to use this text -- The Relationship between language, reasoning skills and legal studies : Skills requried for competent legal study -- The Power of language -- How to handle primary texts effectively: Understanding statutes -- Understanding law reports -- Statutory interpretation: the relationship between cases and statutes -- Understanding European community law -- Understanding law reports from the European court of justice -- Management of secondary texts and a range of differing factual information: summarising, annotating, linking and critiquing a range of differing secondary texts -- How to manage a large amount of information -- Putting it all together: How to identify, evaluate, interpret and construct arguments -- Using primary and secondary texts to construct arguments and answer questions -- Appendices.</subfield>
  </datafield>
  <datafield tag="650" ind1=" " ind2=" ">
    <subfield code="a">Legal Method</subfield>
  </datafield>
  <datafield tag="942" ind1=" " ind2=" ">
    <subfield code="2">lcc</subfield>
    <subfield code="c">BK</subfield>
  </datafield>
  <datafield tag="999" ind1=" " ind2=" ">
    <subfield code="c">2538</subfield>
    <subfield code="d">10038</subfield>
  </datafield>
  <datafield tag="952" ind1=" " ind2=" ">
    <subfield code="0">0</subfield>
    <subfield code="1">0</subfield>
    <subfield code="2">lcc</subfield>
    <subfield code="4">0</subfield>
    <subfield code="7">0</subfield>
    <subfield code="a">WIUC-1</subfield>
    <subfield code="b">WIUC-1</subfield>
    <subfield code="c">GEN</subfield>
    <subfield code="d">2012-11-16</subfield>
    <subfield code="l">0</subfield>
    <subfield code="o">KD660.H19</subfield>
    <subfield code="p">6731/12</subfield>
    <subfield code="r">2012-11-16 00:00:00</subfield>
    <subfield code="t">1</subfield>
    <subfield code="w">2012-11-16</subfield>
    <subfield code="y">BK</subfield>
  </datafield>
  <datafield tag="952" ind1=" " ind2=" ">
    <subfield code="0">0</subfield>
    <subfield code="1">0</subfield>
    <subfield code="2">lcc</subfield>
    <subfield code="4">0</subfield>
    <subfield code="7">0</subfield>
    <subfield code="a">WIUC-1</subfield>
    <subfield code="b">WIUC-1</subfield>
    <subfield code="c">GEN</subfield>
    <subfield code="d">2012-11-16</subfield>
    <subfield code="l">0</subfield>
    <subfield code="o">KD660.H191</subfield>
    <subfield code="p">6732/12</subfield>
    <subfield code="r">2012-11-16 00:00:00</subfield>
    <subfield code="t">2</subfield>
    <subfield code="w">2012-11-16</subfield>
    <subfield code="y">BK</subfield>
  </datafield>
  <datafield tag="952" ind1=" " ind2=" ">
    <subfield code="0">0</subfield>
    <subfield code="1">0</subfield>
    <subfield code="2">lcc</subfield>
    <subfield code="4">0</subfield>
    <subfield code="7">0</subfield>
    <subfield code="a">WIUC-1</subfield>
    <subfield code="b">WIUC-1</subfield>
    <subfield code="c">LL</subfield>
    <subfield code="d">2015-02-06</subfield>
    <subfield code="l">0</subfield>
    <subfield code="o">KD660.H19</subfield>
    <subfield code="p">2449/1446/15</subfield>
    <subfield code="r">2015-02-06 00:00:00</subfield>
    <subfield code="t">1</subfield>
    <subfield code="w">2015-02-06</subfield>
    <subfield code="y">BK</subfield>
  </datafield>
  <datafield tag="952" ind1=" " ind2=" ">
    <subfield code="0">0</subfield>
    <subfield code="1">0</subfield>
    <subfield code="2">lcc</subfield>
    <subfield code="4">0</subfield>
    <subfield code="7">0</subfield>
    <subfield code="a">WIUC-1</subfield>
    <subfield code="b">WIUC-1</subfield>
    <subfield code="c">LL</subfield>
    <subfield code="d">2015-02-06</subfield>
    <subfield code="l">0</subfield>
    <subfield code="o">KD660.H191</subfield>
    <subfield code="p">2424/1421/15</subfield>
    <subfield code="r">2015-02-06 00:00:00</subfield>
    <subfield code="t">2</subfield>
    <subfield code="w">2015-02-06</subfield>
    <subfield code="y">BK</subfield>
  </datafield>
</record>
